Szonáta. [Vers]

Elmentve itt :
Bibliográfiai részletek
Szerző: Katona Judit
Dokumentumtípus: Cikk
Megjelent: 1982-11-27
Sorozat:Délmagyarország 72 No. 279
Online Access:http://dmarchiv.bibl.u-szeged.hu/95595
LEADER 00401nab a2200145 i 4500
001 delm95595
005 20190620122419.0
008 190620s1982 hu o 0|| hun d
040 |a SZTE Délmagyarország Archívum  |b hun 
041 |a hun 
100 1 |a Katona Judit 
245 1 0 |a Szonáta. [Vers]  |h [elektronikus dokumentum] /  |c  Katona Judit 
260 |c 1982-11-27 
300 |a 5 
490 0 |a Délmagyarország  |v 72 No. 279